Catálogo público

Manejo integral de las glóquidas del nopal tunero / (Record no. 218844)

MARC details
000 -CABECERA
campo de control de longitud fija 02834nam a2200277 a 4500
003 - IDENTIFICADOR DEL NÚMERO DE CONTROL
campo de control OSt
005 - FECHA Y HORA DE LA ÚLTIMA TRANSACCIÓN
campo de control 20251110135307.0
007 - CAMPO FIJO DE DESCRIPCIÓN FÍSICA--INFORMACIÓN GENERAL
campo de control de longitud fija cr ||||||a|c|a
008 - DATOS DE LONGITUD FIJA--INFORMACIÓN GENERAL
campo de control de longitud fija 230526s2020 mx ||||fom||| 001 0 s d
040 ## - FUENTE DE LA CATALOGACIÓN
Normas de descripción rda
100 1# - ENTRADA PRINCIPAL--NOMBRE DE PERSONA
9 (RLIN) 187228
Nombre de persona Ulloa Leitón, Alonso
245 10 - MENCIÓN DE TÍTULO
Título Manejo integral de las glóquidas del nopal tunero /
Mención de responsabilidad, etc. Por Alonso Ulloa Leitón; director de tesis María Edna Álvarez Sánchez
264 ## - PRODUCCIÓN, PUBLICACIÓN, DISTRIBUCIÓN, FABRICACIÓN Y COPYRIGHT
Producción, publicación, distribución, fabricación y copyright Chapingo, México :
Nombre del de productor, editor, distribuidor, fabricante El autor,
Fecha de producción, publicación, distribución, fabricación o copyright 2020.
300 ## - DESCRIPCIÓN FÍSICA
Extensión 1 recurso en línea (86 páginas):
Otras características físicas Cuadros y figuras.
336 ## - TIPO DE CONTENIDO
Fuente rdacontent
Término de tipo de contenido texto
Código de tipo de contenido txt
337 ## - TIPO DE MEDIO
Fuente rdamedia
Nombre/término del tipo de medio computadora
Código del tipo de medio c
338 ## - TIPO DE SOPORTE
Fuente rdacarrier
Nombre/término del tipo de soporte recurso en línea
Código del tipo de soporte cr
502 ## - NOTA DE TESIS
Tipo de título Maestría en Ciencias en Agroforestería para el Desarrollo Sostenible
Nombre de la institución que otorga el título Departamento de Enseñanza, Investigación y Servicio en Suelos,
Año de obtención del título 2020
Información miscelánea Maestría
504 ## - NOTA DE BIBLIOGRAFÍA, ETC.
Nota de bibliografía, etc. Incluye referencias bibliográficas: páginas -44-47-61-62-64-71.
520 ## - SUMARIO, ETC.
Sumario, etc. Las glóquidas de la tuna es un residuo orgánico que se deriva del beneficiado del fruto previo a su comercialización. Este residuo se desecha en bolsas plásticas a la orilla de plantaciones o en basureros no regulados donde se acumula debido a su alta resistencia a la degradación natural y a la combustión. El objetivo de la presente investigación fue estudiar la estructura, morfología y composición química de las glóquidas de tuna para evaluar su aprovechamiento como insumo con valor agregado a partir de su hidrólisis ácida o alcalina. La estructura externa de las glóquidas se observó por MEB (Microscopio Electrónico de Barrido) y se encontró que poseen barbas retrorsas. Las dimensiones de las glóquidas en cortes transversales y longitudinales en microscopio son de 67.3 ± 9.56 μm y 1667 ± 292 μm, respectivamente. Los análisis químicos indicaron que su composición estructural es 41.15% celulosa, 41.20% hemicelulosa y 5.27% lignina; y su densidad de 0.157 g mL-1. Los mayores porcentajes de degradación y obtención de azúcares reductores totales se obtuvieron a partir de la hidrólisis con Ácido Sulfúrico, Ácido Fosfórico e Hidróxido de Potasio. Estas soluciones fueron evaluadas como fertilizantes foliares en la calidad de rosas y de tuna. El impacto ambiental para el municipio de Nopaltepec se proyectó mediante un modelo de regresión lineal Y= 0.5628 X, donde se obtuvo 80.1 t de glóquidas para el periodo 2010-2015. En la aplicación de los fertilizantes foliares (a partir del hidrólisis de las glóquidas) en el cultivo de rosas, se encontró diferencia de pedúnculo. Las glóquidas tienen potencial de reintegrarse como insumo nutrimental en cultivos.
650 #4 - PUNTO DE ACCESO ADICIONAL DE MATERIA--TÉRMINO DE MATERIA
9 (RLIN) 136060
Término de materia o nombre geográfico como elemento de entrada Residuos orgánicos
Subdivisión general Aprovechamiento
650 #4 - PUNTO DE ACCESO ADICIONAL DE MATERIA--TÉRMINO DE MATERIA
9 (RLIN) 156453
Término de materia o nombre geográfico como elemento de entrada Fertilizantes orgánicos
Subdivisión general Producción
700 1# - PUNTO DE ACCESO ADICIONAL--NOMBRE DE PERSONA
9 (RLIN) 4983
Nombre de persona Alvarez Sánchez, María Edna
Término indicativo de función/relación director.
856 ## - LOCALIZACIÓN Y ACCESO ELECTRÓNICOS
Identificador Uniforme del Recurso http://10.13.5.2/tesis/tm/Ulloa_Leiton_Alonso.pdf
Nota pública DESCARGAR PDF
942 ## - ELEMENTOS DE PUNTO DE ACCESO ADICIONAL (KOHA)
Fuente del sistema de clasificación o colocación Clasificación Universidad Autónoma Chapingo
Tipo de ítem Koha Tesis digital
Holdings
Estado de retiro Estado de pérdida Fuente del sistema de clasificación o colocación Estado dañado Restricciones de uso No para préstamo Código de colección Localización permanente Ubicación/localización actual Ubicación en estantería Fecha de adquisición Total de préstamos Signatura topográfica completa Fecha visto por última vez Precio válido a partir de Tipo de ítem Koha
    Clasificación Universidad Autónoma de Chapingo   Préstamo interno   Tesis digitales de Maestría Biblioteca Digital Biblioteca Digital En línea 26/05/2023   Tesis digital 26/05/2023 26/05/2023 Tesis digital